000 00314nam a2200121Ia 4500
005 20260326100026.0
008 260326s9999||||xx |||||||||||||| ||und||
100 _aKronfuss, Juan
245 0 _aArquitectura Colonial en la Argentina /
_cJuan Kronfuss
260 _bEra
650 _aARQUITECTURA COLONIAL
942 _cBK
999 _c6393
_d6393